Guía de pulverizaciones para los cultivos de manzano, peral, frutales de carozo y vid
Guardado en:
| Formato: | Libro |
|---|---|
| Publicado: |
Alto Valle :
Inta,
2002
|
| Edición: | 4a. ed. |
| Materias: | |
| Etiquetas: |
Agregar Etiqueta
Sin Etiquetas, Sea el primero en etiquetar este registro!
|
| LEADER | 01170nam a22002055a 4500 | ||
|---|---|---|---|
| 001 | CEM.cems017977 | ||
| 005 | 20130322124337.0 | ||
| 008 | 130507s2002##################000#0#####d | ||
| 003 | CEMS | ||
| 020 | |a 987521034X | ||
| 082 | 0 | 4 | |a 632.95 |
| 245 | 0 | 0 | |a Guía de pulverizaciones para los cultivos de manzano, peral, frutales de carozo y vid |
| 250 | |a 4a. ed. | ||
| 260 | |a Alto Valle : |b Inta, |c 2002 | ||
| 300 | |a 115 p. | ||
| 505 | 0 | |a Agroquímicos más comunes usados en fruticultura y sus formulaciones -- Medios de seguridad en el uso de agroquímicos -- Manejo de plagas -- Ferilización foliar -- Reguladores de crecimiento de las plantas -- Las malezas en el monte frutal -- Control de rebrotes de álamos -- Determinación de volúmenes adecuados a pulverizar en un monte frutal -- El concepto de "TVR" -- Programas de aplicaciones -- Floración de frutales de pepita y carozo (fechas medias) -- Estados fenológicos de los frutales -- Ley de plaguicidas y agroquímicos de la provincia de Río Negro (2175) | |
| 653 | |a Plagas-control | ||
| 653 | |a Agroquímicos | ||
| 653 | |a Agroquímicos-seguridad | ||
| 859 | |a CEMS |b BIB. CEMS - Agricultura |h 632.95 |i Ar37-1 |p A1810.13 |t Ej.1 | ||
